| Tag |
First Indicator |
Second Indicator |
Subfields |
| LEADER |
00000cam a2200000 4500 |
| 001 |
in00003845748 |
| 005 |
20190415182758.0 |
| 006 |
m o d |
| 007 |
cr |n||||||||n |
| 008 |
850320s1780 enk|||| o o00||||fre c |
| 035 |
|
|
|a (CU-RivES)N16343
|
| 035 |
|
|
|a (Uk-ES)006007007
|
| 035 |
|
|
|a (OCoLC)507984395
|
| 040 |
|
|
|a CU-RivES
|c CU-RivES
|d CStRLIN
|d Cengage Gale
|d UtOrBLW
|
| 110 |
1 |
|
|a France.
|b Conseil d'État.
|
| 240 |
1 |
0 |
|a Miscellaneous documents. 1779-12-12
|
| 245 |
1 |
0 |
|a Arret du Conseil d'Etat du Roi, concernant les dettes des habitans de l'isle de la Grenade. Du 12 décembre 1779 :
|b Arret of the King's Council of State, concerning the debts of the inhabitants of the island of Granada. 12th December 1779.
|
| 264 |
|
1 |
|a [London] :
|b [publisher not identified],
|c [1780]
|
| 300 |
|
|
|a 1 online resource (6, 2 unnumbered pages)
|
| 336 |
|
|
|a text
|b txt
|2 rdacontent
|
| 337 |
|
|
|a computer
|b c
|2 rdamedia
|
| 338 |
|
|
|a online resource
|b cr
|2 rdacarrier
|
| 500 |
|
|
|a Drop-head title.
|
| 500 |
|
|
|a Docket title: 'Arrets of His Most Christian Majesty relating to the island of Granada, and its dependencies, andc. andc.'.
|
| 500 |
|
|
|a Parallel French and English texts.
|
| 500 |
|
|
|a Extracted from the register of the Council of State.
|
| 500 |
|
|
|a Publication place and date from MB.
|
| 510 |
4 |
|
|a English Short Title Catalog,
|c N16343.
|
| 500 |
|
|
|a Reproduction of original from Boston Public Library.
|
| 500 |
|
|
|a Electronic resource.
|
| 650 |
|
0 |
|a Porcelain industry
|z France
|v Early works to 1800.
|
| 655 |
|
7 |
|a Electronic books.
|2 local
|
| 710 |
2 |
|
|a Gale (Firm)
|0 http://id.loc.gov/authorities/names/no2008071348
|
| 752 |
|
|
|a Great Britain
|b England
|d London.
|
| 856 |
4 |
0 |
|u http://proxy.library.tamu.edu/login?url=http://find.galegroup.com/ecco/infomark.do?contentSet=ECCOArticles&docType=ECCOArticles&bookId=1548502900&type=getFullCitation&tabID=T001&prodId=ECCO&docLevel=TEXT_GRAPHICS&version=1.0&source=library&userGroupName=txshracd2898
|z Connect to the full text of this electronic book
|t 0
|
| 999 |
f |
f |
|s a4321dab-5d0f-3b3e-a371-e7841d0562d4
|i b8382941-80ee-331c-b566-8076290c2dcc
|t 0
|
| 952 |
f |
f |
|a Texas A&M University
|b College Station
|c Electronic Resources
|d Available Online
|t 0
|h No information provided
|
| 998 |
f |
f |
|t 0
|l Available Online
|